01066cam a22002891a 4500001001300000003000400013005001700017008004100034010001700075035002000092040002600112042001200138050002700150070002500177072001500202100004700217245006900264250002100333260011300354300003600467490008300503500003600586650001700622650003500639830008500674999001700759agr64000468 DLC20260227111023.0831107s1964 dcubd f000 0 eng  aagr64000468  a(OCoLC)10104191 aDLCcIMolDdDNALdDLC apremarc00aS21b.A46 no. 705 19640 a1bAg84M no.705 19640 aE100aE1301 aGuidry, Nelson P.q(Nelson Philip),d1916-12aA graphic summary of world agriculture /c[by Nelson P. Guidry]. aRev. Sept. 1964. aWashington, D.C. :bU.S. Dept. of Agriculture, Economic Research Service, Regional Analysis Division,c1964. a64 p. :bcharts, maps ;c23 cm.1 aMiscellaneous publication / United States Department of Agriculture ;vno. 705 aEarlier ed. by R.G. Hainsworth. 0aFood supply. 0aAgriculturexEconomic aspects. 0aMiscellaneous publication (United States. Department of Agriculture) ;vno. 705. c11965d11965